| 000 | 00620nam a22001937a 4500 | ||
|---|---|---|---|
| 005 | 20260114114558.0 | ||
| 010 | _aENG-147462 | ||
| 020 |
_a9789367135440 _c675.00 |
||
| 035 | _aEN-130994 | ||
| 037 | _bDBAD | ||
| 082 |
_a005.133 _22 |
||
| 100 |
_ataneja, Sheetal _986345 |
||
| 245 |
_aPython Programming: _bA Modular Approach/ _cSheetal taneja [and] Naveen Kumar |
||
| 250 | _a2 | ||
| 260 |
_aNoida _bPearson India Education _c2026 |
||
| 270 |
_a15th Floor, Towe-B, World Trade Tower, Plot No.1, Block-C, Sector-16 _bNoida _e201301 |
||
| 300 |
_a696p. _c23cm(pb) |
||
| 942 |
_2ddc _cEN _h005.133 _mTAN |
||
| 999 |
_c214103 _d214103 |
||